HANBOOK OF ECOLOGICAL TERMS (Record no. 289601)

MARC details
000 -LEADER
fixed length control field 00393pam a2200145a 44500
008 - FIXED-LENGTH DATA ELEMENTS--GENERAL INFORMATION
fixed length control field 230405s2017 xxu||||| |||| 00| 0 eng d
041 ## - LANGUAGE CODE
Language code of text/sound track or separate title ENG
100 ## - MAIN ENTRY--PERSONAL NAME
Personal name Sagwal S.S.
245 ## - TITLE STATEMENT
Title HANBOOK OF ECOLOGICAL TERMS
250 ## - EDITION STATEMENT
Edition statement 1ST ED. 1997 Ed.
260 ## - PUBLICATION, DISTRIBUTION, ETC.
Place of publication, distribution, etc. LUDHIANA
Name of publisher, distributor, etc. Kalyani Publishers
Date of publication, distribution, etc. 2017
300 ## - PHYSICAL DESCRIPTION
Extent 136p.
440 ## - SERIES STATEMENT/ADDED ENTRY--TITLE
Title UNIVERSAL BOOK STOLL, PUNE, B-236, DT-25/09/2004
906 ## - LOCAL DATA ELEMENT F, LDF (RLIN)
a 723
Holdings
Withdrawn status Lost status Damaged status Not for loan Collection Home library Current library Shelving location Date acquired Total Checkouts Barcode Date last seen Date last checked out Price effective from Koha item type
          Loknete Mohanrao Kadam College of Agriculture, Kadegaon, Sangli Loknete Mohanrao Kadam College of Agriculture, Kadegaon, Sangli   12/01/2017 1 AGK-697 17/12/2025 15/12/2025 17/04/2023 Book
          Loknete Mohanrao Kadam College of Agriculture, Kadegaon, Sangli Loknete Mohanrao Kadam College of Agriculture, Kadegaon, Sangli   12/01/2017 1 AGK-696 17/12/2025 15/12/2025 17/04/2023 Book